[Event "Stay Safe Play From Home 172"]
[Site "T#646326Emanuel Laske"]
[Date "2020.05.25"]
[Round "2"]
[White "Lamborghini"]
[Black "SoulofWolf"]
[Result "0-1"]
[WhiteElo "2228"]
[BlackElo "2223"]
[Annotator "TA"]
[PlyCount "82"]
[EventDate "2020.05.25"]
[EventType "swiss (blitz)"]

{[%evp 12,82,24,31,36,27,50,51,45,0,0,-15,-6,-45,-4,-3,-8,-27,-18,-22,-16,-20,20,9,70,-13,18,22,110,26,25,45,315,116,107,93,107,10,8,13,61,16,210,118,510,501,914,903,758,56,626,0,566,0,2482,493,755,6,632,632,815,788,815,653,618,579,1156,1158,2406,2159,1691,-92,2010]} 1. e4 c5 2. Nf3 Nc6 3. d4 cxd4 4. Nxd4 a6 5. Nc3 e6 6. Nxc6 bxc6 7. Bd3 d6 {B46: Sicilian: Taimanov: 5 Nc3 a6.} 8. O-O Qc7 9. f4 Be7 {[#] White is slightly better.} 10. f5 $146 ({Predecessor:} 10. e5 d5 11. Qe2 Bc5+ 12. Kh1 Bd4 13. Na4 Qa5 14. c3 Ba7 15. b3 Ne7 16. Be3 Bxe3 17. Qxe3 {1-0 (46) Ivkina,O (2296)-Pshenichny,V (2024) St Petersburg 2011}) 10... Nf6 11. g4 h6 12. Bf4 Rb8 13. b3 e5 14. Bd2 Bb7 15. Qe2 d5 16. Rae1 Bd6 17. h4 a5 (17... Bb4 $11) 18. Qg2 (18. exd5 $14 Kf8 19. Kg2) 18... d4 19. Nd1 c5 (19... Bb4 $11 {remains equal.}) 20. Nf2 ({White should play} 20. Nb2 $16) 20... Nd7 21. g5 f6 $2 {[%mdl 8192]} (21... hxg5 $14 22. hxg5 (22. Qxg5 Be7 $15) 22... Ra8) 22. Ng4 $2 (22. gxh6 $18 {and the rest is easy.} gxh6 23. Qg7) 22... hxg5 $16 23. hxg5 Be7 24. g6 ({White should try} 24. gxf6 $16 Bxf6 25. Rf3 (25. Nxf6+ Nxf6 26. Rf3 Ra8 $16)) 24... Nb6 $11 25. Kf2 {White wants to play Rh1.} Kd7 26. Rh1 Bc6 $2 {Black is on the road to losing.} (26... c4 $11 {and Black stays safe.} 27. bxc4 Nxc4) 27. Rh7 (27. Rxh8 $18 Rxh8 28. Rh1 Rxh1 29. Qxh1) 27... Rbg8 $2 {[%mdl 8192]} (27... Rxh7 $16 {is a better chance.} 28. gxh7 Rh8) 28. Reh1 $18 Qd8 (28... Rxh7 $142 29. gxh7 Rh8 30. Bxa5 c4) 29. Qh3 Rxh7 30. Qxh7 $2 (30. gxh7 $18 Rf8 31. h8=Q Rxh8 32. Qxh8 Qxh8 33. Rxh8) 30... Nc8 $2 {[%mdl 8192] [#]} (30... c4 $14) 31. Bxa5 $2 (31. Bh6 $1 $18 {[%mdl 512]}) 31... Qe8 $2 {[%mdl 8192]} (31... Qxa5 $11 32. Qxg8 Qd2+ 33. Be2 Kc7 34. Qxg7 (34. Rh8 Nd6 $11) 34... Bb5) 32. Bd2 $2 (32. Bc4 $18 Bxe4 33. Bxg8 Bxf5 34. Qxg7 Qxg6 35. Qxg6 Bxg6 36. Rh6 Bxc2 37. Bd5) 32... Bd6 $2 {[%mdl 8192]} (32... Nd6 $11) 33. a4 (33. Nxf6+ $142 Kc7 34. Nxe8+ Rxe8 35. Qxg7+ Kb8 36. Rh8) 33... Be7 {[#]} (33... Ne7 $142 34. Qxg7 {[%mdl 64] Remove Defender} Rxg7 35. Nxf6+ {[%mdl 64] Double Attack} Kd8) 34. a5 $2 (34. Bh6 $1 $18 {[%mdl 512]}) 34... Kd6 $2 {[%mdl 8192]} (34... Nd6 $11 35. Re1 Qf8) 35. a6 Na7 36. b4 {[%cal Bb3b4,Bb4b5][%mdl 32]} c4 37. b5 cxd3 38. Bb4+ ({Weaker is} 38. bxc6 dxc2 39. Rc1 Nxc6 $18) 38... Kd7 39. Bxe7 {Black must now prevent Nxf6+!} Qxe7 40. bxc6+ Nxc6 41. Nxe5+ $2 (41. Qxg8 $18 dxc2 42. Qb3) 41... Nxe5 $4 {[%mdl 40960] Accuracy: White = 52%, Black = 29%. . Loss on time!?} (41... Qxe5 $17 42. Qxg8 Qf4+ 43. Kg2 Qxe4+ 44. Kh2 Qf4+ 45. Kg2 Qg5+ 46. Kh2 Qh4+ 47. Kg2 Qg5+ 48. Kh2 dxc2 49. Qd5+ Kc7) 0-1

[Event "Stay Safe Play From Home 172"]
[Site "T#646326Emanuel Laske"]
[Date "2020.05.25"]
[Round "2"]
[White "Weltszmerc"]
[Black "Rogan"]
[Result "0-1"]
[WhiteElo "2015"]
[BlackElo "2285"]
[Annotator "TA"]
[PlyCount "122"]
[EventDate "2020.05.25"]
[EventType "swiss (blitz)"]

{[%evp 12,121,11,11,11,9,13,6,13,14,10,0,0,0,6,0,0,-7,0,-19,-23,-13,-14,-25,-22,-40,-41,-66,-70,-62,-12,-56,-1,-60,0,-71,-67,-74,-67,-142,-91,-244,-64,-158,-128,-369,-362,-365,-361,-358,-354,-335,-339,-586,-576,-615,-606,-2425,-2397,-2338,-2254,-1600,-2193,-1981,-1788,-1601,-653,-6199,-6380,-29977,-29978,-29978,-29979,-29986,-29987,-29986,-29987,-29988,-29989,-29989,-29990,-29990,-29991,-29991,-29992,-29992,-29992,-29992,-29992,-29992,-29993,-29993,-29991,-29991,-29992,-29992,-29993,-29993,-29994,-29994,-29994,-29995,-29996,-29997,-29996,-29996,-29997,-29997,-29998,-29998,-29999,-29999]} 1. d4 d5 2. c4 c6 3. Nf3 Nf6 4. g3 Bg4 5. Bg2 Nbd7 6. O-O e6 7. Qb3 {7.cxd5 gains popularity. Played by Alexander Grischuk in May 2020.} Qb6 {D11: Slav Defence: 3 Nf3 sidelines and 3...Nf6 4 e3 Bg4.} 8. c5 Qxb3 9. axb3 Bxf3 {The position is equal.} 10. Bxf3 e5 11. e3 Be7 12. b4 O-O 13. Nc3 a6 14. Bg2 Rfe8 15. Bd2 exd4 16. exd4 Nf8 {[#]} 17. Rfe1 $146 ({Predecessor:} 17. Bh3 Ne6 18. Bxe6 fxe6 19. Rfe1 Kf7 20. Kg2 Nd7 21. f4 Bf6 22. Be3 h6 23. Rf1 {1-0 (48) Tischbierek,R (2544)-Volke,K (2463) Austria 2000}) 17... Ne6 18. Be3 Ng4 19. h3 Nxe3 20. fxe3 Bg5 21. Kf2 Bh6 ({Black should try} 21... Bf6 $15) 22. h4 (22. Rad1 $11) 22... g6 (22... f5 $15) 23. g4 (23. e4 $1 $11) 23... f5 $17 24. g5 Bg7 25. Na4 ({White should play} 25. b5 $15) 25... f4 ({Better is} 25... h6 26. Nb6 Rad8 27. gxh6 Bf6) 26. exf4 $2 (26. e4 $17) 26... Nxd4 $2 (26... Nxf4 $19 27. Kg3 Ne2+ 28. Kg4 Nxd4) 27. Rxe8+ (27. Nb6 $15 Rad8 28. Rxe8+ Rxe8 29. Re1 Rxe1 30. Kxe1) 27... Rxe8 28. Bf3 $2 (28. Re1 $17 Rf8 29. Kg3) 28... Rf8 $19 29. Kg3 Nxf3 30. Kxf3 {[%mdl 4096] Endgame KRB-KRN} Be5 $1 31. Kg2 Rxf4 {[%mdl 64] [#] Double Attack} 32. Rf1 $2 (32. Re1 Rxb4 33. Rxe5 Rxa4 34. Re8+ Kf7 35. Rc8) 32... Rxb4 33. Nb6 Rxb2+ 34. Rf2 Rxf2+ 35. Kxf2 {KB-KN} Bd4+ 36. Kf3 Bxc5 37. Nd7 Bd6 38. Nf6+ Kg7 39. h5 gxh5 40. Nxh5+ {[#]} Kg6 $1 {Black mates.} 41. Nf6 Kxg5 42. Nxh7+ Kg6 43. Kg4 Kxh7 44. Kf5 a5 {[%cal Ba6a5,Ba5a4,Ba4a3,Ba3a2][%mdl 32]} 45. Ke6 a4 46. Kxd6 {KP-KP} a3 47. Kc7 a2 48. Kxb7 c5 49. Kc6 c4 50. Kxd5 c3 51. Kc4 c2 52. Kb3 c1=Q 53. Kxa2 Kg6 54. Kb3 Kf5 55. Kb4 Ke4 56. Kb3 Kd5 57. Kb4 Qc4+ 58. Ka3 Qb5 59. Ka2 Kc4 60. Ka1 Kc3 {[%csl Gc3][%cal Rb5b2]} 61. Ka2 Qb2# {Accuracy: White = 48%, Black = 78%.} 0-1

[Event "Stay Safe Play From Home 172"]
[Site "T#646326Emanuel Laske"]
[Date "2020.05.25"]
[Round "2"]
[White "Haxhi Baha"]
[Black "Praveen prasad"]
[Result "0-1"]
[WhiteElo "1966"]
[BlackElo "2238"]
[Annotator "TA"]
[PlyCount "108"]
[EventDate "2020.05.25"]
[EventType "swiss (blitz)"]

{[%evp 11,107,66,59,26,27,0,11,10,68,-8,0,-2,38,-60,-67,-68,-63,-95,-16,-15,-18,-60,-64,-121,-120,-108,-120,-115,-112,-118,-121,-154,-135,-181,-164,-305,-305,-248,-294,-287,-277,-462,-462,-445,-445,-388,-368,-741,-721,-712,-691,-1651,-1532,-1524,-1415,-6299,-5747,-29957,-29951,-29961,-29962,-29962,-29959,-11332,-6099,-1985,-1163,-29978,-29975,-29981,-29982,-29982,-29983,-29983,-29984,-29984,-29985,-29989,-29990,-29990,-29991,-29991,-29992,-29996,-29997,-29997,-29996,-29998,-29996,-29996,-29996,-29996,-29996,-29997,-29997,-29997,-29998,-29999]} 1. e4 d5 2. exd5 Qxd5 3. Nf3 Qd8 4. Nc3 Nf6 5. Bc4 c6 6. d4 Bf5 7. h3 {B01: Scandinavian Defence.} (7. Ne5 {with more complications.} e6 8. g4 Bg6 9. h4 Bb4 10. Kf1) 7... e6 8. Bf4 Bd6 9. Ne5 {The position is equal.} Qc7 {[#]} (9... Nd5 $11 10. Nxd5 exd5) 10. Bb3 $146 (10. g4 $14 Bg6 11. h4) ({Predecessor:} 10. Qe2 a6 11. O-O Nbd7 12. Rfe1 O-O 13. Rad1 Nd5 14. Nxd5 cxd5 15. Bd3 Bxd3 16. Rxd3 Nxe5 17. dxe5 {1-0 (56) Neves,C (2004)-Simoes,W (1616) Salvador 2016}) 10... Nbd7 {[%cal Rd7e5]} 11. Qe2 O-O 12. O-O-O (12. g4 $14 Bg6 13. h4 Bxe5 14. Bxe5) 12... Nd5 $15 13. Nxd5 exd5 14. g4 Be6 (14... f6 $17 {aiming for ...Be6.} 15. gxf5 fxe5 16. dxe5 Bxe5 17. Bxe5 Nxe5) 15. Bg3 $11 Rae8 $36 {[%mdl 2048] White is under pressure.} 16. f4 f6 17. Nxd7 {Black keeps a firm grip on the game.} (17. Kb1 $15) 17... Bxf4+ $17 ({Much less strong is} 17... Qxd7 18. Qf3 $15) 18. Bxf4 Qxf4+ 19. Qd2 Qxd2+ 20. Rxd2 Bxd7 21. Rdd1 Re3 22. Rde1 Rfe8 23. Kd2 {[#]} (23. Rxe3 {might work better.} Rxe3 24. c4) 23... Rxe1 $1 $19 24. Rxe1 Rxe1 25. Kxe1 {[%mdl 4096] Endgame [#] KB-KB} h5 $1 {[%mdl 512]} 26. Kf2 $2 (26. c4 dxc4 27. Bxc4+ Kh7 28. Be2) (26. gxh5 Bxh3) 26... hxg4 27. hxg4 Bxg4 28. c4 Be6 29. cxd5 $2 (29. c5) 29... Bxd5 30. Bc2 Bxa2 31. b3 a5 32. Ke3 b5 33. Kd2 a4 34. bxa4 bxa4 35. Bxa4 Bd5 36. Ke3 Kf7 37. Kf4 Ke6 38. Bd1 g5+ 39. Ke3 f5 {Black mates.} 40. Bh5 f4+ 41. Kf2 Kf5 42. Be8 g4 43. Bd7+ Kg5 44. Be8 g3+ 45. Kf1 f3 46. Bd7 Bc4+ 47. Kg1 f2+ 48. Kg2 f1=Q+ 49. Kxg3 Qd3+ 50. Kh2 Qxd4 51. Bxc6 Kh4 52. Bg2 Qf4+ 53. Kh1 Kg3 54. Bc6 Qf1# {Accuracy: White = 40%, Black = 89%.} 0-1

[Event "Stay Safe Play From Home 172"]
[Site "T#646326Emanuel Laske"]
[Date "2020.05.25"]
[Round "2"]
[White "The Next Contender"]
[Black "Castlingarrocco"]
[Result "1-0"]
[WhiteElo "1927"]
[BlackElo "2047"]
[Annotator "TA"]
[PlyCount "79"]
[EventDate "2020.05.25"]
[EventType "swiss (blitz)"]

{[%evp 10,78,31,28,33,26,26,40,33,33,45,16,27,30,52,43,44,0,13,-37,-34,-45,31,39,36,-7,0,0,46,-81,-45,-57,-57,-57,-57,-93,0,0,0,0,0,-33,224,139,264,208,205,183,261,167,170,128,114,147,110,79,456,442,663,653,1625,1538,2431,2069,29987,29988,29989,29990,29990,29990,29999]} 1. d4 d5 2. c4 c6 3. Nf3 e6 4. e3 f5 5. Be2 Nf6 6. O-O Bd6 {A84: Dutch Defence: 2 c4 Miscellaneous.} 7. c5 Bc7 8. b4 {[%cal Bb2b4,Bb4b5][%mdl 32] [#]} Qe7 $146 {White is slightly better.} ({Predecessor:} 8... O-O 9. Bb2 Nbd7 10. a4 Qe7 11. b5 Ne4 12. Nbd2 g5 13. Ne1 g4 14. Nxe4 dxe4 15. g3 Nf6 16. Qd2 Nd5 17. Ng2 {Tleptsok,R (2531)-Hall,R (2603) ICCF email 2016}) 9. a4 O-O 10. b5 Ne4 11. Bb2 Rf6 12. g3 Nd7 13. Re1 g5 14. Bf1 g4 15. Nfd2 Rh6 ({Black should play} 15... h5 $15) 16. Nxe4 $14 dxe4 17. Bg2 Nf6 18. Nd2 Nd5 19. Nf1 (19. Nxe4 $1 $14 {stays ahead.} fxe4 20. Qxg4+ Qg7 21. Qxg7+ Kxg7 22. Bxe4) 19... Qf7 20. Qb3 Qh5 21. Rec1 Bd7 22. Bc3 Rf8 (22... Qe8 $17 {[%cal Rc6b5]} 23. Rab1 Rb8) 23. b6 $1 $11 {[%cal Rb6c7]} axb6 24. cxb6 Bd6 (24... Nxb6 $2 25. Ba5 $18) (24... Nxc3 $6 25. Rxc3 Bd6 26. a5 $16) 25. a5 {[#]} Bc8 $2 {[%mdl 8192]} ({Inferior is} 25... Nxc3 26. Qxc3 Qf7 27. a6 $16) (25... f4 $1 $15 {[%mdl 512]} 26. gxf4 (26. exf4 Nxf4 27. gxf4 Bxf4 $11) 26... Nxf4 27. exf4 Bxf4) 26. Bb2 Qg6 (26... f4 $16 {is a better defense.} 27. exf4 (27. gxf4 Nxf4 28. exf4 Bxf4 $14) 27... Nxf4 28. gxf4 Bxf4) 27. Ba3 Bxa3 28. Qxa3 (28. Rxa3 Rf7 $14) 28... Kg7 (28... Qf7 $142 29. Qd6 Rg6) 29. Qb3 Rf7 30. a6 bxa6 31. Rxc6 Bb7 32. Rc5 $36 {[%mdl 2048] Black is under strong pressure.} f4 $2 {[%mdl 8192]} (32... Re7 $16) 33. exf4 $18 e3 (33... Qf6 $142 34. Qb2 (34. Bxe4 Qxd4 35. Bxd5 Qxc5 $14) 34... Kg8) 34. Nxe3 ({Not} 34. Bxd5 exf2+ 35. Kxf2 exd5 $16) 34... Nxe3 35. Qxe3 Bxg2 36. Kxg2 Rb7 37. Qe5+ {White mates.} Qf6 38. Rc7+ {[%mdl 64] [#] Double Attack} Kg6 39. Rxb7 Qd8 40. Rg7# {Accuracy: White = 59%, Black = 43%.} 1-0

[Event "Stay Safe Play From Home 172"]
[Site "T#646326Emanuel Laske"]
[Date "2020.05.25"]
[Round "2"]
[White "Majstor-resa"]
[Black "Fischer_11"]
[Result "1-0"]
[WhiteElo "1652"]
[BlackElo "1898"]
[Annotator "NA"]
[PlyCount "65"]
[EventDate "2020.05.25"]
[EventType "swiss (blitz)"]

1. d4 {[%emt 0:00:00]} e5 {[%emt 0:00:01]} 2. Nf3 {[%emt 0:00:00]} Nc6 {[%emt 0:00:01]} 3. dxe5 {[%emt 0:00:02]} Qe7 {[%emt 0:00:01]} 4. Qd5 {[%emt 0:00:02]} f6 {[%emt 0:00:01]} 5. exf6 {[%emt 0:00:02]} Nxf6 {[%emt 0:00:00]} 6. Qb3 {[%emt 0:00:01]} b6 {[%emt 0:00:01]} 7. Bg5 {[%emt 0:00:01]} Bb7 {[%emt 0:00:00]} 8. Nc3 {[%emt 0:00:01]} h6 {[%emt 0:00:01]} 9. Bh4 {[%emt 0:00:01]} g5 {[%emt 0:00:01]} 10. Bg3 {[%emt 0:00:01]} O-O-O {[%emt 0:00:00]} 11. O-O-O {[%emt 0:00:01]} d5 {[%emt 0:00:01]} 12. e3 {[%emt 0:00:01]} Qe6 {[%emt 0:00:04]} 13. Bb5 {[%emt 0:00:01]} Bg7 {[%emt 0:00:02]} 14. Bxc6 {[%emt 0:00:01]} Qxc6 {[%emt 0:00:00]} 15. Nd4 {[%emt 0:00:01]} Qd7 {[%emt 0:00:05]} 16. a3 {[%emt 0:00:02]} h5 {[%emt 0:00:03]} 17. h4 {[%emt 0:00:01]} g4 {[%emt 0:00:01]} 18. Be5 {[%emt 0:00:01]} Rhe8 {[%emt 0:00:02]} 19. Bf4 {[%emt 0:00:02]} Ne4 {[%emt 0:00:02]} 20. Nxe4 {[%emt 0:00:01]} dxe4 {[%emt 0:00:00]} 21. Nb5 {[%emt 0:00:01]} Qc6 {[%emt 0:00:02]} 22. Nxa7+ {[%emt 0:00:02]} Kb8 {[%emt 0:00:01]} 23. Nxc6+ {[%emt 0:00:01]} Bxc6 {[%emt 0:00:00]} 24. Qc4 {[%emt 0:00:02]} Kb7 {[%emt 0:00:01]} 25. Rxd8 {[%emt 0:00:02]} Rxd8 {[%emt 0:00:01]} 26. Rd1 {[%emt 0:00:01]} Rxd1+ {[%emt 0:00:01]} 27. Kxd1 {[%emt 0:00:01]} Bxb2 {[%emt 0:00:02]} 28. Qf7 {[%emt 0:00:02]} Be5 {[%emt 0:00:08]} 29. Bxe5 {[%emt 0:00:02]} b5 {[%emt 0:00:01]} 30. Qxc7+ {[%emt 0:00:01]} Ka6 {[%emt 0:00:00]} 31. Qxc6+ {[%emt 0:00:01]} Ka5 {[%emt 0:00:00]} 32. Bc3+ {[%emt 0:00:01]} Ka4 {[%emt 0:00:00]} 33. Qa6# {[%emt 0:00:01] (Lag: Av=0.32s, max=0.7s)} 1-0

[Event "Stay Safe Play From Home 172"]
[Site "T#646326Emanuel Laske"]
[Date "2020.05.25"]
[Round "2"]
[White "Trotsky"]
[Black "matanant"]
[Result "0-1"]
[WhiteElo "1548"]
[BlackElo "1621"]
[Annotator "NA RC"]
[PlyCount "48"]
[EventDate "2020.05.25"]
[EventType "swiss (blitz)"]

1. d4 {[%emt 0:00:01]} d6 {[%emt 0:00:01]} 2. e3 {[%emt 0:00:00]} g6 {[%emt 0:00:00]} 3. c4 {[%emt 0:00:01]} Bg7 {[%emt 0:00:00]} 4. Nc3 {[%emt 0:00:01]} Nf6 {[%emt 0:00:00]} 5. Bd3 {[%emt 0:00:01]} O-O {[%emt 0:00:00]} 6. Qc2 {[%emt 0:00:00]} b6 {[%emt 0:00:01]} 7. Nf3 {[%emt 0:00:01]} Bb7 {[%emt 0:00:00]} 8. Ng5 {[%emt 0:00:01]} Nbd7 {[%emt 0:00:00]} 9. h4 {[%emt 0:00:01]} e5 {[%emt 0:00:01]} 10. Bd2 {[%emt 0:00:04]} exd4 {[%emt 0:00:02]} 11. Nce4 {[%emt 0:00:01]} Nxe4 {[%emt 0:00:02]} 12. Bxe4 {[%emt 0:00:01]} Bxe4 {[%emt 0:00:01]} 13. Qxe4 {[%emt 0:00:01]} dxe3 {[%emt 0:00:00]} 14. Bxe3 {[%emt 0:00:03]} Re8 {[%emt 0:00:01]} 15. Qd3 {[%emt 0:00:01]} Bxb2 {[%emt 0:00:02]} 16. Rb1 {[%emt 0:00:03]} Nc5 {[%emt 0:00:03]} 17. Qb3 {[%emt 0:00:04]} Bd4 {[%emt 0:00:02]} 18. Rd1 {[%emt 0:00:06]} Bxe3 {[%emt 0:00:01]} 19. fxe3 {[%emt 0:00:01]} Qf6 {[%emt 0:00:02]} 20. Qc2 {[%emt 0:00:04]} h6 {[%emt 0:00:02]} 21. e4 {[%emt 0:00:17]} hxg5 {[%emt 0:00:02]} 22. hxg5 {[%emt 0:00:01]} Qxg5 {[%emt 0:00:02]} 23. Rd4 {[%emt 0:00:03]} Re6 {[%emt 0:00:02]} 24. Qe2 {[%emt 0:00:03]} Rae8 {[%emt 0:00:01] Âðåìÿ (Lag: Av=0.54s, max=1.0s)} 0-1

[Event "Stay Safe Play From Home 172"]
[Site "T#646326Emanuel Laske"]
[Date "2020.05.25"]
[Round "3"]
[White "Rogan"]
[Black "SoulofWolf"]
[Result "0-1"]
[WhiteElo "2291"]
[BlackElo "2241"]
[Annotator "RC"]
[PlyCount "112"]
[EventDate "2020.05.25"]
[EventType "swiss (blitz)"]

1. d4 {[%emt 0:00:02]} c5 {[%emt 0:00:01]} 2. c3 {[%emt 0:00:00]} e6 {[%emt 0:00:00]} 3. Nf3 {[%emt 0:00:01]} Be7 {[%emt 0:00:01]} 4. Bf4 {[%emt 0:00:01]} b6 {[%emt 0:00:00]} 5. Bxb8 {[%emt 0:00:00]} Rxb8 {[%emt 0:00:00]} 6. e3 {[%emt 0:00:01]} Bb7 {[%emt 0:00:00]} 7. Nbd2 {[%emt 0:00:00]} d6 {[%emt 0:00:00]} 8. Bd3 {[%emt 0:00:00]} Qc7 {[%emt 0:00:00]} 9. Qe2 {[%emt 0:00:01]} Nf6 {[%emt 0:00:00]} 10. O-O {[%emt 0:00:00]} O-O {[%emt 0:00:00]} 11. Ba6 {[%emt 0:00:01]} Bc6 {[%emt 0:00:01]} 12. a4 {[%emt 0:00:01]} Rfd8 {[%emt 0:00:01]} 13. Bd3 {[%emt 0:00:01]} e5 {[%emt 0:00:02]} 14. dxe5 {[%emt 0:00:01]} dxe5 {[%emt 0:00:00]} 15. e4 {[%emt 0:00:02]} Rd7 {[%emt 0:00:00]} 16. Rfd1 {[%emt 0:00:02]} Rbd8 {[%emt 0:00:01]} 17. Nc4 {[%emt 0:00:00]} Bd6 {[%emt 0:00:03]} 18. Nxd6 {[%emt 0:00:03]} Qxd6 {[%emt 0:00:01]} 19. Bc2 {[%emt 0:00:01]} Qe7 {[%emt 0:00:01]} 20. Rxd7 {[%emt 0:00:01]} Rxd7 {[%emt 0:00:00]} 21. a5 {[%emt 0:00:01]} g6 {[%emt 0:00:02]} 22. axb6 {[%emt 0:00:01]} axb6 {[%emt 0:00:01]} 23. Ra6 {[%emt 0:00:01]} Rb7 {[%emt 0:00:03]} 24. Bb3 {[%emt 0:00:04]} Qe8 {[%emt 0:00:01]} 25. Ng5 {[%emt 0:00:02]} Bb5 {[%emt 0:00:02]} 26. Nxf7 {[%emt 0:00:10]} Rxf7 {[%emt 0:00:06]} 27. Bxf7+ {[%emt 0:00:02]} Kxf7 {[%emt 0:00:01]} 28. Ra7+ {[%emt 0:00:01]} Kg8 {[%emt 0:00:06]} 29. c4 {[%emt 0:00:01]} Bc6 {[%emt 0:00:01]} 30. Qf3 {[%emt 0:00:01]} Qf8 {[%emt 0:00:01]} 31. Rc7 {[%emt 0:00:02]} Bxe4 {[%emt 0:00:01]} 32. Qa3 {[%emt 0:00:04]} Bf5 {[%emt 0:00:01]} 33. Qa7 {[%emt 0:00:01]} Ne8 {[%emt 0:00:03]} 34. Rxh7 {[%emt 0:00:03]} Be6 {[%emt 0:00:00]} 35. h3 {[%emt 0:00:01]} Bf7 {[%emt 0:00:01]} 36. Rh4 {[%emt 0:00:01]} Qd6 {[%emt 0:00:03]} 37. Rg4 {[%emt 0:00:01]} Qd1+ {[%emt 0:00:01]} 38. Kh2 {[%emt 0:00:01]} Qd6 {[%emt 0:00:01]} 39. Qa8 {[%emt 0:00:01]} e4+ {[%emt 0:00:01]} 40. g3 {[%emt 0:00:00]} Qe6 {[%emt 0:00:01]} 41. Qb8 {[%emt 0:00:01]} Qe7 {[%emt 0:00:01]} 42. Qf4 {[%emt 0:00:00]} Kf8 {[%emt 0:00:01]} 43. Qg5 {[%emt 0:00:00]} Qxg5 {[%emt 0:00:01]} 44. Rxg5 {[%emt 0:00:00]} Kg7 {[%emt 0:00:00]} 45. Rg4 {[%emt 0:00:00]} Kf6 {[%emt 0:00:00]} 46. Rxe4 {[%emt 0:00:00]} Be6 {[%emt 0:00:00]} 47. Rf4+ {[%emt 0:00:00]} Ke7 {[%emt 0:00:01]} 48. Rf3 {[%emt 0:00:00]} Nf6 {[%emt 0:00:00]} 49. Re3 {[%emt 0:00:00]} Kf7 {[%emt 0:00:01]} 50. Re2 {[%emt 0:00:00]} g5 {[%emt 0:00:00]} 51. Re3 {[%emt 0:00:00]} g4 {[%emt 0:00:00]} 52. Rf3 {[%emt 0:00:00]} gxh3 {[%emt 0:00:00]} 53. Kh1 {[%emt 0:00:01]} Ke7 {[%emt 0:00:00]} 54. Kh2 {[%emt 0:00:00]} Ng4+ {[%emt 0:00:00]} 55. Kh1 {[%emt 0:00:01]} Nxf2+ {[%emt 0:00:00]} 56. Kg1 {[%emt 0:00:00]} Ng4 {[%emt 0:00:00] Time (Lag: Av=0.34s, max=0.6s) '} 0-1

[Event "Stay Safe Play From Home 172"]
[Site "T#646326Emanuel Laske"]
[Date "2020.05.25"]
[Round "3"]
[White "Praveen prasad"]
[Black "The Next Contender"]
[Result "1-0"]
[WhiteElo "2244"]
[BlackElo "1950"]
[Annotator "TA"]
[PlyCount "93"]
[EventDate "2020.05.25"]
[EventType "swiss (blitz)"]

{[%evp 9,93,31,36,36,36,26,25,32,37,23,25,21,46,0,0,10,67,41,63,65,51,20,108,112,173,168,627,614,608,282,357,354,685,675,1006,688,683,670,663,642,823,810,1179,1141,1170,1143,1197,614,641,634,749,723,859,851,832,833,876,870,917,912,874,842,841,835,817,618,781,767,904,891,917,814,908,812,812,796,825,800,912,869,819,701,762,746,659,549]} 1. e4 d5 2. exd5 Qxd5 3. Nc3 Qa5 4. Nf3 c6 5. Bc4 Bf5 6. O-O {B01: Scandinavian Defence.} e6 7. Re1 Nf6 8. d3 {White has an edge.} Be7 9. a3 O-O {[#]} 10. h3 $146 ({Predecessor:} 10. Nd4 Re8 11. Bd2 Bg4 12. f3 Bh5 13. Nd5 Qc5 14. Nxe7+ Rxe7 15. Be3 Qd6 16. Qd2 {1-0 (64) Le Corre,P (1964)-Pouliquen,A (1724) Morbihan 2011}) 10... Qc7 11. Bg5 h6 12. Bh4 $36 {[%mdl 2048] Black is under pressure.} Nh7 (12... Nbd7 $11) 13. Bg3 Bd6 14. Bxd6 Qxd6 15. Ne4 Qc7 {[#]} (15... Qf4 $11) 16. Ng3 $1 $16 {Black is on the road to losing.} Bg6 (16... Qf4 $16 {might work better.}) 17. Ne5 Bf5 $2 (17... Nf6 18. Nxg6 fxg6) 18. Nxf5 $18 exf5 19. Qf3 (19. Nxf7 $142 Nf6 20. Nxh6+ {[%mdl 64] Discovered Attack (Double check)} Kh7 21. Nxf5) 19... Nd7 20. Nxf7 $1 ({Not} 20. Qxf5 Nxe5 21. Rxe5 Rae8 $16) 20... Rxf7 $2 {[#]} (20... Nb6 21. Nxh6+ {[%mdl 64] Double Attack, Discovered Attack (Double check)} Kh8) 21. Re7 $1 {[%mdl 64] Pin. White is clearly winning.} ({Less strong is} 21. Bxf7+ Kxf7 22. Qh5+ (22. Qxf5+ Nhf6 $16) 22... Kf8 $16) 21... Ne5 22. Rxc7 Nxf3+ 23. gxf3 Raf8 24. Re1 Ng5 25. Ree7 {[%mdl 64] Pin} Nxf3+ 26. Kg2 Ng5 27. f4 Kh7 28. fxg5 Rxe7 29. Rxe7 hxg5 30. Rxb7 {[%mdl 4096] Endgame KRB-KR} g4 31. Rf7 gxh3+ 32. Kxh3 Re8 33. Rxf5 Re3+ 34. Kg4 Re2 35. Rf3 Rg2+ 36. Rg3 Rxc2 37. Rh3+ Kg6 38. b3 Rb2 39. a4 Ra2 40. Kf4 Re2 41. Rg3+ Kf6 42. Re3 Rf2+ 43. Ke4 Rh2 44. Rf3+ Ke7 45. Rg3 Rh4+ 46. Ke3 Kf6 47. Kd2 {Accuracy: White = 73%, Black = 30%.} 1-0

[Event "Stay Safe Play From Home 172"]
[Site "T#646326Emanuel Laske"]
[Date "2020.05.25"]
[Round "3"]
[White "Mepe_Nika"]
[Black "UHU4"]
[Result "1-0"]
[WhiteElo "2234"]
[BlackElo "1481"]
[Annotator "TA"]
[PlyCount "53"]
[EventDate "2020.05.25"]
[EventType "swiss (blitz)"]

{[%evp 9,53,14,12,2,3,-37,10,-5,7,8,59,64,57,7,9,10,49,6,21,0,0,-41,71,-14,-19,-14,-6,-33,-32,-60,-35,-57,-20,-8,0,-266,-268,-382,-72,-83,-83,-139,-101,-168,-89,-29987]} 1. d4 d5 2. Bf4 Nc6 3. e3 Bf5 4. Nf3 Nf6 5. c3 e6 6. Bd3 {D02: 1 d4 d5 2 Nf3 sidelines, including 2...Nf6 3 g3 and 2...Nf6 3 Bf4.} Ne4 7. O-O Bd6 {[#]} (7... g5 $5 {[%cal Rg5f4]} 8. Bxe4 dxe4 9. Nxg5 Rg8 $11) 8. Bxe4 $146 {The position is equal.} ({Predecessor:} 8. Bg3 Bxg3 9. hxg3 O-O 10. Nbd2 Qe7 11. Ne5 f6 12. g4 fxe5 13. gxf5 exf5 14. f3 Nxd2 15. Qxd2 {1-0 (57) Duller Llopis,J-Svanda,A Prague 2012}) 8... dxe4 9. Nfd2 g5 (9... Qd7 $11) 10. Bxd6 $14 cxd6 11. Na3 d5 12. c4 h5 13. f3 exf3 14. Nxf3 f6 15. Kh1 Qe7 (15... Bg6 $15 {keeps the upper hand.}) 16. Rc1 (16. cxd5 $16 exd5 17. Nxg5 $1 {[%mdl 576] Discovered Attack}) 16... dxc4 17. Nxc4 O-O 18. Nfd2 Bg6 19. Qf3 Rad8 20. Nb3 Bd3 {Threatens to win with ...g4.} 21. Rfd1 Bg6 22. d5 $2 {[%mdl 8192]} (22. Rf1 $11 {and White stays safe.}) 22... exd5 $1 $19 23. Rxd5 (23. Ncd2 $142) 23... Rxd5 $2 (23... Be4 $19 {has better winning chances.} 24. Re5 Bxf3 25. Rxe7 Bxg2+ $1 {[%mdl 512]} 26. Kxg2 Nxe7) 24. Qxd5+ $17 Kh7 25. Nd4 (25. Qc5 $142) 25... Nxd4 26. exd4 {[#]} (26. Qxd4 $17 b6 27. Rd1) 26... Rd8 (26... Rc8 $1 $19 {aiming for ...Qf7.} 27. Qa5 Qe4) 27. Qg8+ $2 {[%mdl 40960] Accuracy: White = 36%, Black = 53%. . Loss on time!?} (27. Qc5 $17 Re8 28. Kg1) 1-0